000 00424nam a2200157 i 4500
001 116079
003 ES-MaACL
005 20230906190628.0
007 t|
008 061121s1931 sp r ||||1| spa d
100 1 _aOrtueta, A. de.
_987678
245 1 0 _aNabarra [sic] y la unidad polĂ­tica vasca /
_cA. de Ortueta.
260 _aBarcelona :
_bJ. Horta,
_c1931.
300 _a496 p. ;
_c22 cm.
852 _aES-MaACL
_jA-889
999 _c116079
_d116079